| 000 | 00408nam a2200145 a 4500 | ||
|---|---|---|---|
| 001 | 3161 | ||
| 003 | CDMR | ||
| 005 | 20130312183319.0 | ||
| 008 | 130130s1971||||||||||||||||||||||||||||d | ||
| 040 |
_aCDMR _bcat _cCDMR |
||
| 100 | 1 |
_aMiravitlles Pous, Ramón _92302 |
|
| 245 | 1 | 0 |
_aPolítica internacional en Diario de Barcelona y Tele/Express _cRamón Miravitlles Pous |
| 260 |
_aBarcelona _c1971 |
||
| 942 |
_cTSN _2udc |
||
| 999 |
_c3161 _d3161 |
||